000 00454nam a2200157 a 4500
001 000032228
005 20200930063535.0
008 110713s1943 dr c 000 0 spa d
040 _aDO-SdBNP
_bspa
_cBNPHU
082 _axxxx
_bM828m
100 1 _aMorales, G. Alfredo
_925448
245 1 0 _aMonolitos /
_cG. Alfredo Morales.
260 _aCiudad Trujillo, República Dominicana :
_bMontalvo,
_c1943.
300 _a163 p. :
_bretr. ;
_c23 cm.
049 _aBNMA
999 _c31719
_d31719